1731 1161 1256 1143 1600 1126 1800 1310 1260 1901 1506 1198 1024 1524 1761 1382 1071 1119 1648 1791 1036 1380 1434 1746 1687 1699 1048 1927 1149 1104 1876 1401 1030 1275 1785 1925 1983 1656 1997 1110 1048 1877 1706 1169 1253 1764 1761 1076 1686 1468 1417 1291 1699 1816 1349 1378 1734 1494 1057 1294 1937 1439 1223 1487 1867 1380 1348 1683 1618 1741 1424 1364 1373 1598 1521 1742 1951 1154 1697 1083 1598 1848 1134 1993 1029 1719 1853 1612 1941 1656 1103 1920 1578 1227 1717 1839 1774 1260 1217 BCNSPRNW ULIB Ver.6.0+V

เปลี่ยนเป็นภาษาไทย

Change to English
 แสดงรายละเอียดบรรณานุกรม
  กลับหน้าหลัก

Brief Record : Get Marc (ISO 2709) : E-mail record : QR code < ปิดหน้าต่าง
LEADER : 00000nam 2200000uu 4500
001    13399114022
003     ULIB
008    110320s||||||||th 000 0 tha d
099    วจ.WA590^bป525ร
100 0  ปัณณธร ชัชวรัตน์
245 00 รูปแบบการส่งเสริมพฤติกรรมสุขภาพของพระสงฆ์/^cปัณณธร ชัชวรัตน์,สุชาดา อินทรกำแหง ณ ราชสีมา,นุศรา วิจิตรแก้ว,วิภา เอี่ยมสำอางค์ กาลามินโร,โรชินี อุปรา,วรรณวดี เนียมสกุล และ ประจวบ แหลมหลัก
260    พะเยา :^bวิทยาลัยเครือข่ายภาคเหนือ,^c2554
300    82 หน้า :^bตาราง
500    รายงานการวิจัย
650  7 การส่งเสริมพฤติกรรมสุขภาพ^xพระสงฆ์^xวิจัย
650  7 พฤติกรรมสุขภาพ^xวิจัย
700 0  สุชาดา อินทรกำแหง ณ ราชสีมา
700 0  นุศรา วิจิตรแก้ว
700 0  วิภา เอี่ยมสำอางค์ กาลามินโร
700 0  โรชินี อุปรา
700 0  วรรณวดี เนียมสกุล
700 0  ประจวบ แหลมหลัก
710 2  วิทยาลัยเครือข่ายภาคเหนือ
945    ^p0^l0^i030987
995    ทศพร
999 ^a ใช้งานได้ทุกระบบ
รายการนี้ยังไม่มีแท็ก
คุณยังไม่ได้ล็อกอิน คุณสามารถมีกิจกรรมร่วมกับเว็บไซต์ได้ แต่ต้องล็อกอินก่อน ::
  ล็อกอิน

รายการสื่อสารสนเทศ

ลำดับที่ ประเภท เลขเรียก/บาร์โค้ด สถานที่ สถานะ
1. งานวิจัย
งานวิจัย
วจ.WA590 ป525ร ฉ.1 
  Barcode: 030987
ห้องสมุดวิทยาเขตสวรรค์ประชารักษ์
►วิจัย
บนชั้น

รายการใกล้เคียง
    ผู้แต่ง [ปัณณธร ชัชวรัตน์]

BibComment


ยังไม่เคยถูกคอมเมนท์

คอมเมนท์ทรัพยากรรายการนี้
  คอมเมนท์: รูปแบบการส่งเสริม..


 Copyright 2026. Bcnsprnw @Library